[Event "Festival A"]
[Site "Formia ITA"]
[Date "1994.07.22"]
[Round "7"]
[White "Pagnoncelli, Marco"]
[Black "Blancke, Stefan"]
[Result "1-0"]
[WhiteElo "1900"]
[BlackElo "2275"]
[PlyCount "62"]
[EventDate "1994.07.16"]

1. e4 Nf6 2. Nc3 d5 3. e5 Ne4 4. Nxe4 dxe4 5. d4 exd3 6. Qxd3 Qxd3 7. Bxd3 Nc6
8. Bf4 g6 9. O-O-O Bg7 10. Nf3 O-O 11. h3 Be6 12. Be4 a5 13. a3 h6 14. Rhe1 a4
15. Bd5 Ra5 16. c4 Bxd5 17. Rxd5 e6 18. Rxa5 Nxa5 19. Nd2 Rd8 20. Kc2 Rd4 21.
Be3 Rd7 22. f4 Nc6 23. Ne4 b6 24. Nc3 Na5 25. c5 Nc4 26. cxb6 cxb6 27. Nxa4 g5
28. Nxb6 Nxe3+ 29. Rxe3 Rb7 30. Nc4 gxf4 31. Re4 Rb5 1-0

[Event "Festival A"]
[Site "Formia ITA"]
[Date "1994.07.22"]
[Round "7"]
[White "Picardi, Angelo"]
[Black "Accardo, Francesco"]
[Result "1-0"]
[WhiteElo "2123"]
[BlackElo "1991"]
[PlyCount "47"]
[EventDate "1994.07.16"]

1. e4 c5 2. Nf3 e6 3. d4 a6 4. Nc3 cxd4 5. Nxd4 Qc7 6. g3 Nc6 7. Bg2 Nf6 8. O-O
Bb4 9. Re1 Bxc3 10. bxc3 Ne5 11. f4 Nc4 12. e5 Nd5 13. Bxd5 exd5 14. Nf5 O-O
15. Qg4 g6 16. Qg5 Re8 17. Nh6+ Kf8 18. Ba3+ d6 19. exd6 Qb6+ 20. Kh1 Rxe1+ 21.
Rxe1 Kg7 22. Nxf7 Bf5 23. Qe7 g5 24. Nd8+ 1-0

[Event "Festival A"]
[Site "Formia ITA"]
[Date "1994.07.22"]
[Round "7"]
[White "Robovic, Saudin"]
[Black "Zlochevskij, Alexander"]
[Result "1/2-1/2"]
[WhiteElo "2415"]
[BlackElo "2505"]
[PlyCount "36"]
[EventDate "1994.07.16"]

1. e4 e6 2. d4 d5 3. Nd2 c5 4. exd5 exd5 5. Ngf3 Nf6 6. Bb5+ Bd7 7. Bxd7+ Nbxd7
8. O-O Be7 9. Re1 O-O 10. Nf1 Re8 11. dxc5 Nxc5 12. Be3 Qd7 13. c3 a5 14. Qc2
b5 15. Rad1 Nce4 16. Bd4 Qb7 17. Ne3 Rad8 18. Ne5 Ng5 1/2-1/2

[Event "Festival A"]
[Site "Formia ITA"]
[Date "1994.07.22"]
[Round "7"]
[White "Schmidt-Wilke, Jens"]
[Black "Vujovic, Milorad"]
[Result "0-1"]
[WhiteElo "2085"]
[BlackElo "2270"]
[PlyCount "84"]
[EventDate "1994.07.16"]

1. e4 c5 2. Nf3 a6 3. d4 cxd4 4. Nxd4 Nf6 5. e5 Qa5+ 6. Nc3 Qxe5+ 7. Be2 Nc6 8.
Nxc6 bxc6 9. O-O e6 10. f4 Qa5 11. f5 exf5 12. Bd3 Bc5+ 13. Kh1 d5 14. Bxf5
Bxf5 15. Rxf5 O-O-O 16. Bg5 Be7 17. Rb1 Rhe8 18. b4 Bxb4 19. Bxf6 gxf6 20. Rxf6
Re6 21. Qg4 Bxc3 22. Rxf7 Rde8 23. Rbb7 Be5 24. g3 Qe1+ 25. Kg2 Qe4+ 26. Qxe4
dxe4 27. Rxh7 e3 28. Kf3 Bb8 29. Ke2 Re4 30. Rb3 Rc4 31. c3 Rc5 32. c4 Rxc4 33.
Rxe3 Rc2+ 34. Kd3 Rxe3+ 35. Kxc2 Re2+ 36. Kb3 Bc7 37. a4 Kb7 38. Kc4 Rg2 39.
Kc5 a5 40. h4 Rxg3 41. h5 Rc3+ 42. Kd4 Ra3 0-1

[Event "Festival A"]
[Site "Formia ITA"]
[Date "1994.07.22"]
[Round "7"]
[White "Serebrjanik, Alexander"]
[Black "Konopka, Michal"]
[Result "1/2-1/2"]
[WhiteElo "2420"]
[BlackElo "2455"]
[PlyCount "62"]
[EventDate "1994.07.16"]

1. c4 Nf6 2. Nc3 d5 3. cxd5 Nxd5 4. g3 g6 5. Bg2 Nb6 6. d3 Bg7 7. Be3 O-O 8.
Qd2 e5 9. Bh6 Qe7 10. h4 Bxh6 11. Qxh6 c6 12. Nf3 f6 13. O-O Bg4 14. Rab1 Na6
15. a3 Nc7 16. b4 Nbd5 17. Qd2 Rad8 18. Rfc1 Rfe8 19. Qb2 Nxc3 20. Rxc3 Nb5 21.
Rc4 Be6 22. Rc2 Bd5 23. Rd2 Nd4 24. Nxd4 exd4 25. Rc1 Bxg2 26. Kxg2 Rd5 27. Rc5
Red8 28. Rdc2 Kg7 29. Rxd5 Rxd5 30. Rc4 Qe5 31. Qd2 h5 1/2-1/2

[Event "Festival A"]
[Site "Formia ITA"]
[Date "1994.07.22"]
[Round "7"]
[White "Siraco, Maurizio"]
[Black "Nannelli, Paolo"]
[Result "1-0"]
[WhiteElo "2082"]
[BlackElo "1992"]
[PlyCount "65"]
[EventDate "1994.07.16"]

1. e4 c6 2. d4 d5 3. f3 dxe4 4. fxe4 e5 5. Nf3 Be6 6. Be2 exd4 7. Qxd4 Qxd4 8.
Nxd4 Nf6 9. e5 Nfd7 10. Nxe6 fxe6 11. Bf4 Bc5 12. Nd2 O-O 13. Rf1 Bd4 14. Nc4
Nb6 15. O-O-O Bc5 16. Nxb6 axb6 17. Bc4 Re8 18. Bg5 h6 19. Rd8 Rxd8 20. Bxd8
Na6 21. Bxe6+ Kh8 22. Rd1 Be3+ 23. Kb1 Bf4 24. Bxb6 Bxe5 25. Rd8+ Rxd8 26. Bxd8
Nc7 27. Bc8 b6 28. g3 Kg8 29. c3 Kf7 30. Bd7 c5 31. Kc2 h5 32. Kd3 h4 33. Bxh4
1-0

[Event "Festival A"]
[Site "Formia ITA"]
[Date "1994.07.22"]
[Round "7"]
[White "Zelcic, Robert"]
[Black "Tan, Chengxuan"]
[Result "1/2-1/2"]
[WhiteElo "2485"]
[BlackElo "2380"]
[PlyCount "128"]
[EventDate "1994.07.16"]

1. e4 e6 2. d4 d5 3. Nc3 Bb4 4. e5 c5 5. Qg4 Ne7 6. Nf3 Nbc6 7. Bb5 cxd4 8. O-O
dxc3 9. Qxb4 cxb2 10. Bxb2 O-O 11. Qg4 Qb6 12. Qa4 a6 13. Bd3 Qb4 14. Qa3 Qxa3
15. Bxa3 Bd7 16. Bd6 b5 17. a4 b4 18. a5 Rfc8 19. Rfb1 Nf5 20. Bxb4 Ncd4 21.
Nxd4 Nxd4 22. c3 Nb5 23. Rc1 Nc7 24. Kf1 Bb5 25. Ke2 Bxd3+ 26. Kxd3 Nb5 27. c4
dxc4+ 28. Rxc4 Rxc4 29. Kxc4 Rc8+ 30. Kd3 f6 31. exf6 gxf6 32. Re1 Kf7 33. Re4
Rd8+ 34. Kc4 Rc8+ 35. Kd3 Rd8+ 36. Ke3 Nc7 37. Bd2 Nd5+ 38. Ke2 Rc8 39. Rh4 Kg6
40. Rg4+ Kf7 41. Kd1 Rc5 42. Rg3 Rb5 43. Rh3 Kg6 44. Kc1 e5 45. Rd3 Kf5 46. Kd1
h5 47. Ra3 e4 48. Rh3 Kg6 49. Rg3+ Kf7 50. Ra3 f5 51. g3 Ke6 52. Ra2 Rc5 53.
Rb2 Ke5 54. Ke2 f4 55. gxf4+ Nxf4+ 56. Kf1 Nd5 57. Rb3 Rc2 58. Ke1 Ra2 59. Kd1
Ra1+ 60. Ke2 Nf4+ 61. Ke3 Ng2+ 62. Ke2 Nf4+ 63. Ke3 Nd5+ 64. Ke2 Nf4+ 1/2-1/2

[Event "Festival A"]
[Site "Formia ITA"]
[Date "1994.07.23"]
[Round "8"]
[White "Bacrot, Etienne"]
[Black "Godena, Michele"]
[Result "0-1"]
[WhiteElo "2300"]
[BlackElo "2485"]
[PlyCount "62"]
[EventDate "1994.07.16"]

1. d4 d5 2. Nf3 e6 3. Bg5 Be7 4. Bxe7 Nxe7 5. Nbd2 c5 6. e3 Qb6 7. Rb1 Nbc6 8.
dxc5 Qxc5 9. c4 O-O 10. cxd5 Nxd5 11. Be2 Rd8 12. O-O e5 13. Rc1 Qe7 14. Bb5 e4
15. Ne1 Ne5 16. Nc2 Qh4 17. g3 Qh3 18. Re1 Nxe3 19. Bf1 Nxd1 20. Bxh3 Rxd2 21.
Bxc8 Nf3+ 22. Kg2 Rxf2+ 23. Kh3 Rxh2+ 24. Kg4 Nf2+ 25. Kf5 Rxc8 26. Nb4 Re8 27.
g4 Nxe1 28. Rxe1 Nh3 29. g5 Rg2 30. Rg1 g6+ 31. Kf6 Re6# 0-1

[Event "Festival A"]
[Site "Formia ITA"]
[Date "1994.07.23"]
[Round "8"]
[White "Blancke, Stefan"]
[Black "Cialdea, Alberto"]
[Result "1-0"]
[WhiteElo "2275"]
[BlackElo "1900"]
[PlyCount "69"]
[EventDate "1994.07.16"]

1. d4 Nf6 2. c4 b6 3. Nc3 Bb7 4. Nf3 e6 5. g3 Bb4 6. Bg2 O-O 7. Bd2 c5 8. O-O
cxd4 9. Nb5 Be7 10. Nbxd4 Na6 11. Bf4 d5 12. Ne5 Rc8 13. Nb5 Ra8 14. Rc1 Nc5
15. b4 Ncd7 16. Nd3 Ne8 17. cxd5 Bxd5 18. Bxd5 exd5 19. Nd4 Bd6 20. Qb3 Ndf6
21. Rc6 Bxf4 22. Nxf4 Nd6 23. Nxd5 Nde4 24. Nxf6+ Nxf6 25. Qc4 Rc8 26. b5 Ra8
27. Rc1 Qd7 28. Kg2 Nd5 29. e4 Nf6 30. Nf5 Ng4 31. Rd6 Qb7 32. Qc6 Qb8 33. Qc3
f6 34. Rd7 g6 35. Qc7 1-0

[Event "Festival A"]
[Site "Formia ITA"]
[Date "1994.07.23"]
[Round "8"]
[White "Canelli, Daniele"]
[Black "Imbrogno, Rinaldo"]
[Result "1-0"]
[WhiteElo "1938"]
[BlackElo "1902"]
[PlyCount "77"]
[EventDate "1994.07.16"]

1. d4 Nf6 2. c4 d6 3. Nf3 c6 4. Nc3 Nbd7 5. h3 e5 6. dxe5 dxe5 7. Bg5 Be7 8. e3
O-O 9. Be2 Qc7 10. O-O Nc5 11. Qc2 Re8 12. Bh4 g6 13. Rad1 Bf5 14. Qc1 Nfe4 15.
Nxe4 Nxe4 16. Bxe7 Qxe7 17. Nd2 Nc5 18. Qc3 Rad8 19. Nf3 Ne4 20. Qb3 Bc8 21.
Qc2 f5 22. a3 Nf6 23. b4 e4 24. Nd4 c5 25. bxc5 Qxc5 26. Qb2 Nd7 27. Nb3 Qe5
28. Qd2 Kg7 29. Qb4 Nf6 30. Na5 Rxd1 31. Rxd1 Qc7 32. c5 Re5 33. Nb3 Be6 34.
Nd4 Bf7 35. Rc1 Nd5 36. Qb2 Ne7 37. Nb5 Qb8 38. Nd6 Nc6 39. Bb5 1-0

[Event "Festival A"]
[Site "Formia ITA"]
[Date "1994.07.23"]
[Round "8"]
[White "Contin, Daniel"]
[Black "Robovic, Saudin"]
[Result "0-1"]
[WhiteElo "2425"]
[BlackElo "2415"]
[PlyCount "76"]
[EventDate "1994.07.16"]

1. c4 g6 2. Nc3 Bg7 3. g3 d6 4. Bg2 e5 5. e3 f5 6. d3 Nf6 7. Nge2 O-O 8. O-O a5
9. Rb1 c6 10. f4 Re8 11. h3 Be6 12. b3 Bf7 13. fxe5 Rxe5 14. e4 fxe4 15. dxe4
Na6 16. Bf4 Re6 17. Nd4 Re8 18. Qd2 Nh5 19. Be3 Nc5 20. g4 Nf6 21. Qf2 Qc7 22.
Qf4 Re7 23. Ndb5 cxb5 24. Nxb5 Qb8 25. Nxd6 Nd3 26. Qg3 Ne8 27. c5 Nxd6 28.
cxd6 Rd7 29. Rxf7 Rxf7 30. Bb6 Ne5 31. Rd1 Rd7 32. Bc5 Ra6 33. Rd5 Raxd6 34.
Bxd6 Rxd6 35. Qc3 Rxd5 36. exd5 Nxg4 37. Qd2 Bh6 38. Qd3 Qa7+ 0-1

[Event "Festival A"]
[Site "Formia ITA"]
[Date "1994.07.23"]
[Round "8"]
[White "Gagliardi, Pietro"]
[Black "Della Ragione, Achille"]
[Result "1-0"]
[WhiteElo "2195"]
[BlackElo "2040"]
[PlyCount "139"]
[EventDate "1994.07.16"]

1. e4 d5 2. exd5 Nf6 3. c4 e6 4. dxe6 Bxe6 5. Be2 Nc6 6. Nf3 Bc5 7. O-O O-O 8.
Nc3 Nd4 9. Nxd4 Bxd4 10. d3 c6 11. Be3 Qd7 12. Bxd4 Qxd4 13. Qc2 Bf5 14. b3
Rad8 15. Rad1 Rd7 16. Na4 Rfd8 17. Qb2 Ng4 18. Qxd4 Rxd4 19. Nb2 Ne5 20. Rd2 c5
21. Rfd1 g5 22. Na4 b6 23. Nc3 Bxd3 24. Bxd3 Rxd3 25. Nd5 Rxd2 26. Rxd2 Nc6 27.
h4 gxh4 28. Re2 Rd6 29. Re4 Nb4 30. Ne7+ Kf8 31. Nf5 Rf6 32. Nxh4 Nxa2 33. g4
Re6 34. Rf4 Nc1 35. Rf3 Re4 36. Nf5 Ne2+ 37. Kh2 Nd4 38. Nxd4 cxd4 39. Kg3 Ke7
40. Rd3 Ke6 41. b4 f5 42. f3 f4+ 43. Kf2 Re3 44. Rxd4 Rb3 45. b5 Rb2+ 46. Ke1
h5 47. Re4+ Kd6 48. gxh5 Rh2 49. Rxf4 Rxh5 50. Ke2 Kc5 51. Kd3 Rh1 52. Re4 Rd1+
53. Ke3 Re1+ 54. Kf4 Ra1 55. Ke5 a5 56. bxa6 Rxa6 57. f4 Ra8 58. f5 Re8+ 59.
Kf4 Rf8 60. Kg5 b5 61. cxb5 Kxb5 62. f6 Kc5 63. Kg6 Kd5 64. Re1 Rg8+ 65. Kf7
Rg2 66. Ke7 Ra2 67. f7 Ra7+ 68. Kf6 Ra6+ 69. Kg7 Ra7 70. Kg8 1-0

[Event "Festival A"]
[Site "Formia ITA"]
[Date "1994.07.23"]
[Round "8"]
[White "Grosar, Aljosa"]
[Black "Manca, Federico"]
[Result "1-0"]
[WhiteElo "2430"]
[BlackElo "2375"]
[PlyCount "79"]
[EventDate "1994.07.16"]

1. e4 d6 2. d4 Nf6 3. Nc3 g6 4. f4 Bg7 5. Nf3 O-O 6. Be3 b6 7. Bd3 c5 8. d5 e6
9. dxe6 fxe6 10. Bc4 Nc6 11. O-O Na5 12. Be2 Bb7 13. Ng5 Qe7 14. Bf3 e5 15.
fxe5 Qxe5 16. Qd3 Rae8 17. Rae1 h6 18. Nh3 Nxe4 19. Bxh6 Qd4+ 20. Qxd4 Bxd4+
21. Kh1 Bxc3 22. bxc3 Rf5 23. Ng5 d5 24. g4 Rfe5 25. Bxe4 dxe4 26. Rf6 e3+ 27.
Kg1 Rxg5 28. Bxg5 Kg7 29. Rd6 e2 30. Rd7+ Kg8 31. Re7 Rxe7 32. Bxe7 Ba6 33. Kf2
Nc6 34. Bf6 Kf7 35. g5 Nb8 36. Rg1 Nd7 37. Rg4 Ke6 38. c4 Kf5 39. Rh4 Nf8 40.
Kxe2 1-0

[Event "Festival A"]
[Site "Formia ITA"]
[Date "1994.07.23"]
[Round "8"]
[White "Iashvili, Akaki"]
[Black "Langeweg, Kick"]
[Result "1-0"]
[WhiteElo "2425"]
[BlackElo "2390"]
[PlyCount "49"]
[EventDate "1994.07.16"]

1. d4 Nf6 2. c4 e6 3. Nc3 Bb4 4. e3 O-O 5. Bd3 d5 6. cxd5 exd5 7. Nge2 Bd6 8.
f3 c5 9. O-O Nc6 10. g4 Bxh2+ 11. Kxh2 Nxg4+ 12. Kg3 Qd6+ 13. Nf4 Nf6 14. dxc5
Qxc5 15. Ncxd5 Nxd5 16. Nxd5 Be6 17. Rh1 f5 18. Nf4 Qe5 19. Kf2 Bf7 20. Bd2
Rfe8 21. Qc2 Nb4 22. Bxb4 Qxe3+ 23. Kg3 g5 24. Nh5 Bxh5 25. Bc4+ 1-0

[Event "Festival A"]
[Site "Formia ITA"]
[Date "1994.07.23"]
[Round "8"]
[White "Kharkova, Elena"]
[Black "Siraco, Maurizio"]
[Result "1-0"]
[WhiteElo "2205"]
[BlackElo "2082"]
[PlyCount "84"]
[EventDate "1994.07.16"]

1. d4 e6 2. Nf3 d5 3. c4 c6 4. e3 f5 5. Bd3 Nf6 6. O-O Bd6 7. Nc3 Bd7 8. b3 O-O
9. Bb2 Be8 10. Qe1 Kh8 11. Rc1 Ne4 12. Ne5 Nd7 13. Ne2 Qe7 14. Ng3 Bb4 15. Qe2
Qh4 16. Qc2 Rf6 17. Ne2 Nxe5 18. dxe5 Rh6 19. h3 g5 20. cxd5 cxd5 21. Qc7 Bc6
22. Nd4 Rf8 23. f3 Ng3 24. Rf2 Rg6 25. a3 Rg7 26. Qxg7+ Kxg7 27. axb4 Qh6 28.
b5 Be8 29. f4 g4 30. Kh2 Ne4 31. Bxe4 dxe4 32. Rfc2 Rf7 33. Rc7 gxh3 34. g3 Qg6
35. Ba3 h5 36. Be7 Rxe7 37. Rxe7+ Kf8 38. Rxe6 Qg4 39. Rc8 Qd1 40. Rcxe8+ Kg7
41. R6e7+ Kg6 42. Rg8+ Kh6 1-0

[Event "Festival A"]
[Site "Formia ITA"]
[Date "1994.07.23"]
[Round "8"]
[White "Kovacevic, Slobodan"]
[Black "Pagnoncelli, Marco"]
[Result "1-0"]
[WhiteElo "2380"]
[BlackElo "1900"]
[PlyCount "51"]
[EventDate "1994.07.16"]

1. d4 Nf6 2. Nf3 g6 3. c3 Bg7 4. Bg5 O-O 5. Nbd2 c5 6. dxc5 Na6 7. Nb3 Ne4 8.
Be3 Qc7 9. Qd5 Nxc3 10. bxc3 Bxc3+ 11. Kd1 Bxa1 12. Nxa1 Rd8 13. Ng5 e6 14. Qd6
Qxd6+ 15. cxd6 b6 16. Ne4 Bb7 17. Nf6+ Kg7 18. Bd4 Kh6 19. h4 Nb4 20. Ng4+ Kh5
21. Ne5 f5 22. e4 Ba6 23. f3 f4 24. g4+ fxg3 25. Bh3 Rf8 26. Be3 1-0

[Event "Festival A"]
[Site "Formia ITA"]
[Date "1994.07.23"]
[Round "8"]
[White "Leoncini, Mario"]
[Black "Scacco, Mauro"]
[Result "0-1"]
[WhiteElo "2195"]
[BlackElo "1998"]
[PlyCount "72"]
[EventDate "1994.07.16"]

1. e4 e5 2. Nf3 Nc6 3. Bb5 a6 4. Ba4 Nf6 5. d3 b5 6. Bb3 Be7 7. O-O d6 8. c3
O-O 9. Nbd2 Na5 10. Bc2 c5 11. Re1 Bb7 12. Nf1 Re8 13. Qe2 Bf8 14. Ng3 g6 15.
h3 h6 16. Nh2 d5 17. Ng4 Nxg4 18. Qxg4 Bg7 19. Ne2 c4 20. dxc4 d4 21. Rd1 bxc4
22. Ba4 Re6 23. Ng3 Rd6 24. Qe2 Rc8 25. Bd2 Bc6 26. Bxc6 Rcxc6 27. Rab1 Rd7 28.
Qe1 Nb7 29. b3 Nc5 30. bxc4 Nd3 31. Qe2 Nf4 32. Qf3 dxc3 33. Bxc3 Rd3 34. Rbc1
Rcd6 35. Bb4 Rxd1+ 36. Rxd1 Rxd1+ 0-1

[Event "Festival A"]
[Site "Formia ITA"]
[Date "1994.07.23"]
[Round "8"]
[White "Liguori, Renato"]
[Black "Nannelli, Paolo"]
[Result "1/2-1/2"]
[WhiteElo "1888"]
[BlackElo "1992"]
[PlyCount "25"]
[EventDate "1994.07.16"]

1. Nf3 d5 2. d4 Nf6 3. c4 c6 4. cxd5 cxd5 5. Nc3 Nc6 6. Bf4 Bf5 7. e3 e6 8. Bd3
Bxd3 9. Qxd3 a6 10. O-O Be7 11. Rfc1 O-O 12. h3 h6 13. Ne5 1/2-1/2

[Event "Festival A"]
[Site "Formia ITA"]
[Date "1994.07.23"]
[Round "8"]
[White "Loncar, Robert"]
[Black "Mola, Pietro"]
[Result "1-0"]
[WhiteElo "2410"]
[BlackElo "2175"]
[PlyCount "73"]
[EventDate "1994.07.16"]

1. e4 c5 2. Nf3 d6 3. d4 cxd4 4. Nxd4 Nf6 5. Nc3 a6 6. Be3 e5 7. Nb3 Be7 8. f3
Be6 9. Qd2 Nbd7 10. O-O-O Rc8 11. g4 h6 12. h4 Qc7 13. Rh2 b5 14. g5 b4 15. Nd5
Nxd5 16. exd5 Bf5 17. gxh6 gxh6 18. Bxa6 Ra8 19. Bb5 Rxa2 20. Kb1 Ra8 21. Bc6
Rb8 22. Bxh6 Kd8 23. Bg5 f6 24. Be3 Nb6 25. Qg2 Bd7 26. Bxb6 Qxb6 27. Bxd7 Kxd7
28. Qg4+ Kc7 29. Qe6 Rbe8 30. h5 Qe3 31. Rh4 Qxf3 32. Rc4+ Kb6 33. Rxb4+ Ka6
34. Qd7 Qxd1+ 35. Nc1 Qxd5 36. Qa4+ Qa5 37. Qc6+ 1-0

[Event "Festival A"]
[Site "Formia ITA"]
[Date "1994.07.23"]
[Round "8"]
[White "Malaniuk, Vladimir P."]
[Black "Palac, Mladen"]
[Result "1/2-1/2"]
[WhiteElo "2610"]
[BlackElo "2495"]
[PlyCount "38"]
[EventDate "1994.07.16"]

1. g3 e5 2. Bg2 d5 3. c4 Nf6 4. cxd5 Nxd5 5. Nc3 Nb6 6. Nf3 Nc6 7. Rb1 a5 8.
O-O Be7 9. d3 O-O 10. b3 Re8 11. Bb2 Bf8 12. Rc1 Bg4 13. h3 Be6 14. Ne4 f6 15.
d4 Bd5 16. Nc3 e4 17. Ne1 f5 18. Nxd5 Nxd5 19. e3 Qd7 1/2-1/2

[Event "Festival A"]
[Site "Formia ITA"]
[Date "1994.07.23"]
[Round "8"]
[White "Martorelli, Antonio"]
[Black "Isonzo, David"]
[Result "1/2-1/2"]
[WhiteElo "2245"]
[BlackElo "2124"]
[PlyCount "42"]
[EventDate "1994.07.16"]

1. e4 c5 2. Nf3 d6 3. d4 cxd4 4. Nxd4 Nf6 5. Nc3 a6 6. g3 e5 7. Nb3 Bg4 8. f3
Be6 9. Bg5 Be7 10. Qd3 Nbd7 11. O-O-O O-O 12. h4 b5 13. Nd5 Bxd5 14. exd5 Nb6
15. Na5 Nfxd5 16. Nc6 Bxg5+ 17. hxg5 Qxg5+ 18. f4 Qg6 19. Qxg6 fxg6 20. fxe5
Ne3 21. e6 Rfe8 1/2-1/2

[Event "Festival A"]
[Site "Formia ITA"]
[Date "1994.07.23"]
[Round "8"]
[White "Matkovic, Tonci"]
[Black "Bartolini, Tommaso"]
[Result "1-0"]
[WhiteElo "2255"]
[BlackElo "2090"]
[PlyCount "120"]
[EventDate "1994.07.16"]

1. e4 c5 2. Nf3 Nc6 3. d4 cxd4 4. Nxd4 e5 5. Nb5 d6 6. N1c3 a6 7. Na3 b5 8. Nd5
Nf6 9. Bg5 Qa5+ 10. Bd2 Qd8 11. Nxf6+ Qxf6 12. c4 Qg6 13. cxb5 Qxe4+ 14. Qe2
Qxe2+ 15. Bxe2 Nd4 16. Bd3 d5 17. Bc3 Bxa3 18. bxa3 axb5 19. Bxd4 exd4 20.
Bxb5+ Bd7 21. a4 Ke7 22. Kd2 Rhb8 23. Rhb1 Kd6 24. a3 Bxb5 25. axb5 Ra4 26. Rb3
Rb6 27. Ra2 Ke5 28. Kd3 Kd6 29. Rab2 h5 30. Ra2 Kc5 31. Rc2+ Kd6 32. h3 Ra5 33.
Rcb2 Ra4 34. g3 Kd7 35. Rc2 Kd6 36. Rc8 Ra5 37. Kxd4 Rbxb5 38. Rd8+ Ke7 39.
Rxb5 Rxb5 40. Rxd5 Rb2 41. Rf5 h4 42. g4 f6 43. Kc3 Rb1 44. a4 Ke6 45. Rf3 Kd5
46. Kc2 Rb4 47. a5 Rb8 48. a6 Ke4 49. Ra3 g5 50. a7 Ra8 51. Kd2 f5 52. gxf5
Kxf5 53. Ke2 Kg6 54. Ra6+ Kh5 55. f3 Re8+ 56. Kf1 Ra8 57. Kf2 g4 58. fxg4+ Kg5
59. Kg2 Kf4 60. Ra4+ Ke3 1-0

[Event "Festival A"]
[Site "Formia ITA"]
[Date "1994.07.23"]
[Round "8"]
[White "Nurkic, Sahbaz"]
[Black "Naumkin, Igor"]
[Result "1-0"]
[WhiteElo "2415"]
[BlackElo "2475"]
[PlyCount "53"]
[EventDate "1994.07.16"]

1. e4 e6 2. d4 d5 3. Nd2 c5 4. Ngf3 cxd4 5. Nxd4 Nc6 6. Nxc6 bxc6 7. Bd3 Ne7 8.
O-O Ng6 9. Nf3 Bd6 10. c4 dxe4 11. Bxe4 Qc7 12. c5 Be7 13. Qa4 Bb7 14. Bxg6
hxg6 15. Bf4 Qc8 16. Rac1 f6 17. Rfe1 Rh5 18. Nd4 e5 19. Qb3 Qd7 20. Ne6 exf4
21. Nxg7+ Kf8 22. Ne6+ Kg8 23. Ng5+ Kh8 24. Rcd1 Qc7 25. Qf7 f3 26. g3 Rf8 27.
Rxe7 1-0

[Event "Festival A"]
[Site "Formia ITA"]
[Date "1994.07.23"]
[Round "8"]
[White "Picardi, Angelo"]
[Black "Sedina, Elena"]
[Result "1/2-1/2"]
[WhiteElo "2123"]
[BlackElo "2335"]
[PlyCount "51"]
[EventDate "1994.07.16"]

1. e4 Nf6 2. d3 d5 3. Nd2 e5 4. Ngf3 Nc6 5. g3 Bc5 6. Bg2 O-O 7. h3 h6 8. O-O
Be6 9. Qe2 dxe4 10. dxe4 Qd7 11. Kh2 a6 12. c3 b5 13. a4 Rab8 14. axb5 axb5 15.
b4 Be7 16. Re1 Rfd8 17. Bf1 Ne8 18. Qd1 Nd6 19. Qc2 Qe8 20. Nb3 Ra8 21. Be3 Nc4
22. Bc5 Bf6 23. Nbd2 Nxd2 24. Nxd2 Bg5 25. Nf3 Rab8 26. Red1 1/2-1/2

[Event "Festival A"]
[Site "Formia ITA"]
[Date "1994.07.23"]
[Round "8"]
[White "Ragozin, Evgeni"]
[Black "Gazik, Igor"]
[Result "1/2-1/2"]
[WhiteElo "2510"]
[BlackElo "2425"]
[PlyCount "132"]
[EventDate "1994.07.16"]

1. c4 e5 2. g3 g6 3. Bg2 Bg7 4. Nc3 d6 5. d3 Nf6 6. Nf3 O-O 7. O-O h6 8. Rb1
Be6 9. Qb3 Bc8 10. Rd1 c5 11. e3 Nc6 12. Nd5 Nxd5 13. cxd5 Ne7 14. Re1 f5 15.
e4 Kh8 16. Bd2 g5 17. exf5 Bxf5 18. Be3 Qb6 19. Qc4 Qa6 20. Qxa6 bxa6 21. Nd2
Bxd3 22. Rbc1 Rab8 23. b3 Rbd8 24. g4 Ng6 25. Be4 Bxe4 26. Nxe4 Nh4 27. Red1
Nf3+ 28. Kg2 Nh4+ 29. Kh1 Rd7 30. Rc4 Bf6 31. Ra4 Bd8 32. Rxa6 Bb6 33. a4 c4
34. Rxb6 axb6 35. b4 Ra8 36. Ra1 b5 37. a5 Nf3 38. Nc3 Nd4 39. Rd1 Nc2 40. Bb6
Nxb4 41. Nxb5 Nd3 42. Rd2 Nc5 43. Rc2 Na4 44. Rxc4 Nxb6 45. axb6 Ra1+ 46. Kg2
Rb1 47. Rc8+ Kh7 48. b7 Rxb7 49. Nxd6 R7b4 50. h3 Rf4 51. Rc7+ Kg8 52. Rc2 h5
53. Nf5 hxg4 54. Nh6+ Kg7 55. Nxg4 Rd1 56. Rc7+ Rf7 57. Rc5 Rd2 58. Kg1 Rd1+
59. Kh2 Rd2 60. Kg2 Rd7 61. Nxe5 R7xd5 62. Rc7+ Kf6 63. Ng4+ Ke6 64. Rh7 Rf5
65. Rh6+ Kf7 66. Rh5 Ke6 1/2-1/2

[Event "Festival A"]
[Site "Formia ITA"]
[Date "1994.07.23"]
[Round "8"]
[White "Serebrjanik, Alexander"]
[Black "Foisor, Ovidiu-Doru"]
[Result "1/2-1/2"]
[WhiteElo "2420"]
[BlackElo "2440"]
[PlyCount "101"]
[EventDate "1994.07.16"]

1. d4 Nf6 2. c4 g6 3. Nc3 Bg7 4. e4 d6 5. f3 a6 6. Be3 Nc6 7. Qd2 Rb8 8. a3 O-O
9. Nge2 Bd7 10. b4 Re8 11. g3 b5 12. cxb5 axb5 13. Bg2 e5 14. d5 Ne7 15. O-O c6
16. dxc6 Bxc6 17. Rfd1 d5 18. exd5 Nexd5 19. Bf2 Qe7 20. Nxd5 Bxd5 21. Nc3 Bb3
22. Re1 Rbd8 23. Qe3 Bc4 24. Bf1 Bxf1 25. Kxf1 Nd5 26. Nxd5 Rxd5 27. Rad1 Red8
28. Rxd5 Rxd5 29. Kg2 h5 30. Rc1 Qd7 31. Qb6 Rd3 32. Rc7 Qf5 33. Qb8+ Kh7 34.
Qb7 Kg8 35. Qa8+ Kh7 36. h4 Rd7 37. Rc5 Rd1 38. Qe4 Qd7 39. Rc3 Ra1 40. Qd3 Qe6
41. Qxb5 Qa2 42. Re3 Qb2 43. Re2 Qxa3 44. Qc4 Qa4 45. Qxf7 Qb5 46. Re1 Rxe1 47.
Bxe1 Qe2+ 48. Bf2 e4 49. Qf4 Bd4 50. fxe4 Bxf2 51. Qxf2 1/2-1/2

[Event "Festival A"]
[Site "Formia ITA"]
[Date "1994.07.23"]
[Round "8"]
[White "Tan, Chengxuan"]
[Black "Alterman, Boris"]
[Result "1/2-1/2"]
[WhiteElo "2380"]
[BlackElo "2585"]
[PlyCount "140"]
[EventDate "1994.07.16"]

1. e4 c5 2. c3 Nf6 3. e5 Nd5 4. Nf3 d6 5. Bb5+ Bd7 6. Bxd7+ Qxd7 7. O-O Nc6 8.
exd6 e6 9. d4 Bxd6 10. c4 Nf6 11. dxc5 Bxc5 12. Qxd7+ Nxd7 13. Nc3 O-O-O 14.
Ne4 Be7 15. Bg5 f6 16. Be3 e5 17. Rad1 f5 18. Nc3 h6 19. Nd5 Rhe8 20. a3 Bf8
21. b4 b6 22. Bc1 g5 23. Bb2 Kb7 24. Rfe1 e4 25. Nd4 Nxd4 26. Bxd4 Rc8 27. Bb2
Nb8 28. Rc1 Nc6 29. Red1 Re6 30. Kf1 Bd6 31. Ne3 f4 32. Nf5 Be5 33. Bxe5 Nxe5
34. Nd6+ Kc7 35. Nxc8 Kxc8 36. Rc2 Kc7 37. c5 b5 38. Rd4 Nc6 39. Rd5 Ne7 40.
Rd1 Nf5 41. Rd5 Ne7 42. Rd6 Rxd6 43. cxd6+ Kxd6 44. Rc5 a6 45. h4 Nd5 46. hxg5
hxg5 47. Rc8 Nc7 48. Rd8+ Ke5 49. Rd7 Nd5 50. Ra7 g4 51. Rxa6 f3 52. gxf3 gxf3
53. a4 bxa4 54. b5 e3 55. fxe3 Nxe3+ 56. Kf2 Nf5 57. Rxa4 Kd5 58. Rb4 Nd6 59.
b6 Kc6 60. Kxf3 Nb7 61. Ke4 Nc5+ 62. Kd4 Nb7 63. Rb2 Na5 64. Rb1 Nb7 65. Rb4
Na5 66. Ke5 Kc5 67. Rh4 Kxb6 68. Kd5 Kb5 69. Rh1 Kb4 70. Rh8 Nb3 1/2-1/2

[Event "Festival A"]
[Site "Formia ITA"]
[Date "1994.07.23"]
[Round "8"]
[White "Tribuiani, Renato"]
[Black "Lanzani, Mario"]
[Result "0-1"]
[WhiteElo "1996"]
[BlackElo "2320"]
[PlyCount "92"]
[EventDate "1994.07.16"]

1. e4 e5 2. Nf3 Nc6 3. d4 exd4 4. c3 d5 5. exd5 Qxd5 6. cxd4 Bg4 7. Be2 Bb4+ 8.
Nc3 Bxf3 9. Bxf3 Qc4 10. Bxc6+ bxc6 11. Qe2+ Qxe2+ 12. Kxe2 O-O-O 13. Be3 Nf6
14. Rac1 Rhe8 15. Rhd1 Nd5 16. Nxd5 cxd5 17. a3 Bd6 18. Rc3 Kd7 19. Kf3 Rb8 20.
Bc1 Re4 21. Re3 f5 22. g3 g5 23. Ke2 f4 24. Rxe4 dxe4 25. gxf4 gxf4 26. Rg1 Kc6
27. Rg7 Kd5 28. Rxh7 Kxd4 29. h4 Rg8 30. b4 f3+ 31. Kf1 Rg2 32. Rg7 Rh2 33.
Be3+ Kd3 34. Bxa7 Rh1+ 35. Rg1 Rxh4 36. Be3 Kc4 37. Ke1 Kd3 38. Kd1 Be5 39. a4
Bc3 40. Bc5 e3 41. Bxe3 Rxb4 42. Rg3 Rh4 43. Rg1 Rxa4 44. Rg8 Ra1+ 45. Bc1 Bb2
46. Rd8+ Kc4 0-1